01122 am a2200265 a 450000500170000000800410001702000150005804100080007310000260008124501490010725000110025626000570026730000110032450002020033565300190053765300370055665300270059365300340062065300360065465300300069065300160072065300280073665300600076465300320082420240523092316.0100315s2003||||ag a f |||| 001 0 spa d a9872091013 aspa1 aCorradi, Juan Carlos. aOftalmología Práctica. Para el médico general y el estudiante de medicina.bLo que debo saber, lo que puedo hacer / cJuan Carlos Corradi. a1a ed. aNeuquén: bEditorial Por Siempre Neuquén;c2003. a127 p. aCorradi, J. C. (2003). Oftalmología Práctica. Para el médico general y el estudiante de medicina. Lo que debo saber, lo que puedo hacer. (1a ed.). Neuquén : Editorial por Siempre Neuquén. aOftalmología aExploración del aparato visual aExamen oftalmológico aTraumatismo en oftalmología aTrastornos de la agudeza visual aPérdida visual súbita aEl ojo rojo aEnfermedades sistemicas aAcción tóxica medicamentosa sobre el aparato visual aOftalmología pediátrica